000 00539nam a2200181Ia 4500
005 20250508152928.0
008 008 250505s9999 xx 000 0 eng d
037 _aTextual
040 _aFEDL
_beng
_cFEDL
041 _aeng
_2eng
084 _a378.73, THO
_qFEDL
100 _aThomas Russell
_9349128
245 0 _aSearch for a common learning : General education 1800-1960
260 _aNew York, USA
_bMcGraw-Hill Book Company
_c1962
300 _ax,324p.
942 _cTEXL
_h378.73, THO
999 _c1339648
_d1339648